| 000 | 00352nam a2200133Ia 4500 | ||
|---|---|---|---|
| 008 | 231017s9999 xx 000 0 und d | ||
| 082 | _a625.85 | ||
| 082 | _bOLI | ||
| 245 | 0 | _aAP-T94/08: Austroads Technical Report: A Review of Austroads Gyratory Compaction Research | |
| 245 | 0 | _cAustroads | |
| 260 | _bAustroads | ||
| 300 | _c30cm | ||
| 942 | _cREP | ||
| 999 |
_c604764 _d604764 |
||